000 01287nam a2200301Ia 4500
001 ebr10433571
003 CaPaEBR
006 m u
007 cr cn|||||||||
008 091208s2009 enk s 001 0 eng d
020 _z9781847197207
040 _aCaPaEBR
_cCaPaEBR
035 _a(OCoLC)490992609
050 1 4 _aTK5105.8885.W43
_bR62 2009eb
082 0 4 _a005.376/9
_222
100 1 _aRobinson, Steve.
245 1 0 _aWebSphere Application Server 7.0 administration guide
_h[electronic resource] :
_bmanage and administer your Websphere Application Server to create a reliable, secure, and scalable environment for running your applications /
_cSteve Robinson.
260 _aBirmingham, UK :
_bPackt Publishing,
_c2009.
300 _avi, 326 p.
500 _aIncludes index.
533 _aElectronic reproduction.
_bPalo Alto, Calif. :
_cebrary,
_d2011.
_nAvailable via World Wide Web.
_nAccess may be limited to ebrary affiliated libraries.
630 0 0 _aWebSphere.
650 0 _aWeb servers
_xComputer programs.
650 0 _aApplication software
_xDevelopment.
655 7 _aElectronic books.
_2local
710 2 _aebrary, Inc.
856 4 0 _uhttp://site.ebrary.com/lib/rucke/Doc?id=10433571
_zAn electronic book accessible through the World Wide Web; click to view
999 _c146679
_d146679